000085343 001__ 85343 000085343 005__ 20191118101538.0 000085343 037__ $$aTAZ-TFG-2019-2171 000085343 041__ $$aspa 000085343 1001_ $$aPérez Arteaga,Roberto 000085343 24200 $$aInternational Marketing Planning: Davisa Informática 000085343 24500 $$aPlan de Marketing Internacional: Empresa Davisa Informática 000085343 260__ $$aZaragoza$$bUniversidad de Zaragoza$$c2019 000085343 506__ $$aby-nc-sa$$bCreative Commons$$c3.0$$uhttp://creativecommons.org/licenses/by-nc-sa/3.0/ 000085343 520__ $$aEn este trabajo se analizan con detalle las funciones realizadas por la empresa de softwares tecnológicos Davisa Informática. El objetivo es poder analizar cuáles son los puntos fuertes y débiles de la empresa para poder afrontar una apertura al mercado internacional y conseguir hacer crecer la empresa. Tras analizar los países que pueden cumplir las características necesarias de viabilidad para llevar a cabo la internacionalización, nos quedamos con Alemania, ya que reúne los componentes más atractivos para tener éxito en la operación. Esos componentes, como la escasa distancia psicológica, o el crecimiento de su economía y los sectores de la construcción, promoción inmobiliaria y manufacturas, hacen que sea la opción más viable. Para conseguir la internacionalización de forma exitosa se realizarán una serie de acciones de Marketing Mix (Comunicación, Precio, Distribución, Producto) que ayudarán a la empresa Davisa a penetrar en el mercado alemán con facilidad y con la mayor brevedad posible.<br /> 000085343 521__ $$aGraduado en Marketing e Investigación de Mercados 000085343 540__ $$aDerechos regulados por licencia Creative Commons 000085343 700__ $$aDelso Aranaz, María Dolores$$edir. 000085343 7102_ $$aUniversidad de Zaragoza$$bDirección de Márketing e Investigación de Mercados$$cComercialización e Investigación de Mercados 000085343 8560_ $$f647590@celes.unizar.es 000085343 8564_ $$s2035779$$uhttps://zaguan.unizar.es/record/85343/files/TAZ-TFG-2019-2171.pdf$$yMemoria (spa) 000085343 909CO $$ooai:zaguan.unizar.es:85343$$pdriver$$ptrabajos-fin-grado 000085343 950__ $$a 000085343 951__ $$adeposita:2019-11-18 000085343 980__ $$aTAZ$$bTFG$$cECON 000085343 999__ $$a20190626115342.CREATION_DATE